Bližšie, rýchlejšie, lepšie
Firmám často pomáhajú v automatizovaných distribučných centrách komplexné systémy manipulácie a skladovania. Komplexné systémy umožnia firme byť bližšie ku klientom vo svete a poskytnúť im servis na úrovni.
Gespeichert in:
| 1. Verfasser: | |
|---|---|
| Format: | Buchkapitel |
| Sprache: | Slowakisch |
| Schlagworte: | |
| Tags: |
Keine Tags, Fügen Sie das erste Tag hinzu!
|
MARC
| LEADER | 00000naa a2200000 4500 | ||
|---|---|---|---|
| 001 | 0214311 | ||
| 005 | 20160322101447.1 | ||
| 041 | 0 | |a slo | |
| 044 | |a SK | ||
| 245 | 1 | 0 | |a Bližšie, rýchlejšie, lepšie |c Emil Pavlík |
| 520 | |a Firmám často pomáhajú v automatizovaných distribučných centrách komplexné systémy manipulácie a skladovania. Komplexné systémy umožnia firme byť bližšie ku klientom vo svete a poskytnúť im servis na úrovni. | ||
| 610 | 2 | 0 | |a centrá logistické |
| 610 | 2 | 0 | |a skladovanie |
| 610 | 2 | 0 | |a sklady |
| 610 | 2 | 0 | |a automatizácia |
| 610 | 2 | 0 | |a systémy automatické |
| 100 | 1 | |a Pavlík, Emil | |